Statistics for Naples scorers in Serie A 2016-2017

Click here to take the quiz!

General Stats

  • This quiz has been taken 24 times
  • The average score is 10 of 13

Answer Stats

Player Goals % Correct
Marek Hamsik12
100%
Dries Mertens28
94%
Lorenzo Insigne18
94%
Arkadiusz Milik5
89%
Kalidou Koulibaly2
89%
José Callejon14
83%
Allan1
78%
Piotr Zielinski5
72%
Manolo Gabbiadini3
67%
Lorenzo Tonelli2
61%
Nikola Maksimovic1
56%
Emanuele Giaccherini1
50%
Vlad Chiriches2
44%

Score Distribution

Percentile by Number Answered

Percent of People with Each Score

Your Score History

You have not taken this quiz